000 00317nam a2200133Ia 4500
008 240112s1983 xx 000 0 und d
022 _a08151-7313-X
041 _aeng
082 _a616.05
100 _aROGERS D.E.
245 _aYEAR BOOK OF MEDICINE
260 _bYEAR BOOK OF MED.PUB.
_c1983
300 _a763,HB
999 _c1140951
_d1140951